Missing Word: Four Michaels Quiz Stats

 Plays Quiz Updated Jun 30, 2015

Challenge
Share
Tweet
Embed
Score 0/20 Timer 02:00
0 Plays Today
Michael Missing Word % Correct
Michael Jackson
Singer
Billie
95.7%
Michael Jackson
Singer
Young
94.8%
Michael Caine
Actor
House
90.2%
Michael Caine
Actor
Dark
89.6%
Michael Jordan
Sports Star
Fame
89.3%
Michael Jordan
Sports Star
Space
87.5%
Michael Jordan
Sports Star
Bulls
85.9%
Michael Jordan
Sports Star
Air
83.1%
Michael Jackson
Singer
Mirror
83%
Michael Caine
Actor
Juliet
77.4%
Michael Missing Word % Correct
Michael Caine
Actor
Hannah
76.3%
Michael Crichton
Author
Jurassic
75.6%
Michael Caine
Actor
Italian
74.4%
Michael Jordan
Sports Star
Dream
68.7%
Michael Crichton
Author
Andromeda
68.1%
Michael Jackson
Singer
Criminal
62.8%
Michael Crichton
Author
Sun
46.8%
Michael Crichton
Author
Lost
43.5%
Michael Jackson
Singer
Rock
40.6%
Michael Crichton
Author
Fear
9.3%

Today's Daily Dose

You're not logged in!

Compare scores with friends on all Sporcle quizzes.
Join for Free
OR
Log In

You Might Also Like...

Show Comments

Extras

Top Quizzes Today


Score Distribution

Your Account Isn't Verified!

In order to create a playlist on Sporcle, you need to verify the email address you used during registration. Go to your Sporcle Settings to finish the process.

Report this User

Report this user for behavior that violates our Community Guidelines.

Details: